01244nam a2200265Ia 4500001000600000003000900006008004100015040001300056040001300069041001300082100002400095100002900119245003000148245003000178250001100208260001000219260001800229260004900247300005700296500052400353650002600877650003100903700001500934700002900949H6752IT-RoPAU130308s9999 xx 000 0 und d aIT-RoPAU cIT-RoPAU aITALIANO aGuglielmin Riccardo gCodice Aut. SPICS: 58659 aFotografo e il fisco (Il) bFotografo e Il fisco (Il) a1a ed. a ROMA bNuova Arnica  c1998 [1° Ed.:1998 - Ed.Ling.Originale:1998] a"124 p. (prefazione: no ; testo: 124 [pagine: 0-0])" a"Prestazioni Professionali; Diritto D'Autore; collaborazione coordinata e Continuativa; Prestazioni Occasionali; Leggi; Risoluzioni; Glossario; Schemie Modelli. Attività di Fotografo. Prestazioni Professionali: Adempimenti Iva; Modulo Apertura posizione Iva; Fatturazione; Liquidazione e Versamentoiva; Ritenuta D'Acconto; Registri; Contributo Previdenziale Inps; Irap. quesiti Professionista. Diritto D'Autore. Dichiarazione dei redditi indicazioni Utili. Appendice: leggi . Risoluzioni del Ministero delle Finanze." aINDUSTRIA FOTOGRAFICA eCodice materia Spics: 6756 aTeriaca R. gCodice Aut. SPICS: 58660